[Event "Valasska Bystrice op"]
[Site "Valasska Bystrice"]
[Date "2023.09.15"]
[Round "8"]
[White "Susen, Jaroslav"]
[Black "Kamas, Gabriel"]
[Result "1-0"]
[WhiteElo "1777"]
[BlackElo "1393"]
[PlyCount "77"]
[EventDate "2023.09.09"]
[EventType "swiss"]
[EventRounds "9"]
[EventCountry "CZE"]
[SourceTitle "EXT 2024"]
[Source "ChessBase"]
[SourceDate "2023.10.10"]
[SourceVersion "1"]
[SourceVersionDate "2023.10.10"]
[SourceQuality "1"]

1. d4 e6 2. c4 d5 3. Nc3 Nf6 4. Bg5 Be7 5. e3 dxc4 6. Bxc4 0-0 7. Nf3 Nbd7 8. 0-0 h6 9. Bxf6 Nxf6 10. a3 b6 11. Qc2 Bb7 12. Ne5 c5 13. Rfd1 Qc8 14. Ba2 Rd8 15. Rac1 Nh7 16. Bb1 Nf8 17. Qe2 Bf6 18. Qh5 Bxe5 19. Qxe5 Nd7 20. Qf4 Nf6 21. f3 Nd5 22. Nxd5 exd5 23. e4 c4 24. e5 Qc6 25. Qf5 g6 26. Qf4 h5 27. g4 hxg4 28. fxg4 Bc8 29. Rf1 Qe6 30. h3 a5 31. Qg5 Ba6 32. Rf6 Qd7 33. Bxg6 fxg6 34. Rxg6+ Kh8 35. Rh6+ Qh7 36. Rxh7+ Kxh7 37. Rf1 Rg8 38. Qh5+ Kg7 39. Qg5+ 1-0

[Event "Valasska Bystrice op"]
[Site "Valasska Bystrice"]
[Date "2023.09.13"]
[Round "6"]
[White "Lorencova, Jitka"]
[Black "Kamas, Gabriel"]
[Result "0-1"]
[WhiteElo "1315"]
[BlackElo "1393"]
[PlyCount "70"]
[EventDate "2023.09.09"]
[EventType "swiss"]
[EventRounds "9"]
[EventCountry "CZE"]
[SourceTitle "EXT 2024"]
[Source "ChessBase"]
[SourceDate "2023.10.10"]
[SourceVersion "1"]
[SourceVersionDate "2023.10.10"]
[SourceQuality "1"]

1. e4 d5 2. exd5 Qxd5 3. Nf3 Nf6 4. Nc3 Qa5 5. Bc4 Bg4 6. Be2 Nbd7 7. Nd4 Bxe2 8. Qxe2 c6 9. 0-0 e5 10. Nb3 Qc7 11. d4 Be7 12. Bd2 0-0 13. Ne4 Rfe8 14. Qd3 Rad8 15. c3 exd4 16. Nxd4 Nc5 17. Nxc5 Bxc5 18. Be3 Ng4 19. g3 Nxe3 20. fxe3 Qe5 21. Rae1 Re6 22. Qb1 Rg6 23. Rf3 h5 24. Ref1 Rd7 25. Qc2 h4 26. Nf5 hxg3 27. hxg3 Rg4 28. Qh2 Re4 29. Qe2 b5 30. Kg2 a5 31. Kh3 b4 32. Qa6 Rd2 33. Qc8+ Bf8 34. Qxc6 g6 35. Nh4 Rxh4+ 0-1

[Event "Valasska Bystrice op"]
[Site "Valasska Bystrice"]
[Date "2023.09.10"]
[Round "3"]
[White "Kamas, Gabriel"]
[Black "Juracak, David"]
[Result "1/2-1/2"]
[WhiteElo "1393"]
[BlackElo "1781"]
[PlyCount "74"]
[EventDate "2023.09.09"]
[EventType "swiss"]
[EventRounds "9"]
[EventCountry "CZE"]
[SourceTitle "EXT 2024"]
[Source "ChessBase"]
[SourceDate "2023.10.10"]
[SourceVersion "1"]
[SourceVersionDate "2023.10.10"]
[SourceQuality "1"]

1. d4 d5 2. Bf4 Nf6 3. Nf3 e6 4. e3 c5 5. c3 Nc6 6. Bd3 Bd6 7. Bxd6 Qxd6 8. Nbd2 0-0 9. 0-0 e5 10. Bc2 cxd4 11. cxd4 e4 12. Ne1 Ng4 13. g3 Qh6 14. h4 Rd8 15. Ng2 f5 16. Bb3 Be6 17. Re1 Bf7 18. Nf1 Nb4 19. Nf4 Nf6 20. Qd2 Nc6 21. Bd1 Nh5 22. Rc1 Nxf4 23. exf4 Qf6 24. Re3 Nxd4 25. Rec3 Nb5 26. Rc5 Nd6 27. Bb3 d4 28. Bxf7+ Nxf7 29. Rc7 Nd6 30. Qb4 Rab8 31. Rd1 Ne8 32. Rxb7 Rxb7 33. Qxb7 a6 34. Qb3+ Kf8 35. Qb4+ Kf7 36. Nd2 Qd6 37. Qb3+ Kf6 1/2-1/2